000 00652cam a2200217 a 4500
001 000018564
005 20200929165826.0
008 790627s1949 uy a 000 p spa d
040 _aDO-SdBNP
_cDLC
_dDLC
_dBNPHU
082 _aCh861.44
_bC832a
100 1 _aCorvalán, Stella.
_940147
245 1 0 _aAmphion /
_cStella Corvalán.
260 _aMontevideo :
_b[s.n.],
_c1949.
300 _a78, [79-80] p. :
_bill. ;
_c20 cm.
490 1 _aStella Corvalán
_v34
650 4 _aPoesía chilena
_99166
650 4 _aLiteratura chilena
_ySIGLO XX
_914677
830 0 _aStella Corvalán ;
_v34
_940148
910 _aCatalogación derivada / LC
049 _aBNGR
999 _c18084
_d18084